Регионална библиотека "Любен Каравелов" - Русе

Аритметика (Запис номер 124353)

MARC детайли
000 -Лидер
Контролно поле с фиксирана дължина nam a22 a 4500
003 - Код на организацията, давaща контролен номер
Контролно поле BLK
005 - Дата и час на последна редакция
Контролно поле 20210408104154.0
008 - Елементи от данни с фиксирана дължина
fixed length control field 180409b bul|||||r ||||||| ||bul||
010 ## - Наследен системен номер
LC control number KNG00130019000
040 ## - Източник на каталожния запис
Идентификатор на билиотеката - собственик на записа BLK
041 ## - Код за език
Код за езика на текст/звукозапис или на отделно заглавие Български
Код за езика КДБФ Български
080 ## - УДК
Текстов определител УДК Основи на математиката в основното образование
УДК код - определител по УДК 372.47
УДК определител (075.2)
УДК - код + определител 372.47(075.2)
100 1# - Редна дума - Автор
Автор Раденков, Раденко
Авторска отговорност първи автор
R(LIN) 318774
139 ## - Редно поле
Редна дума Аритметика
Авторски знак Ари - А 84
245 10 - Сведения за заглавието
Заглавие Аритметика
Подзаглавни данни Учебник за II кл. на общообраз. у-ща
Редно поле (дума) Раденко Раденков; * Йордан Марков; * Методи Христов; * Ст. Христов.
250 ## - Област на изданието
Сведения за изданието 3. попр. изд.
257 ## - Страна на издаване
Страна на създаване/издаване България
260 ## - Област на издателските данни
Място на издаване, разпространение и проч. София
Име на издателя, разпространителя и проч. Нар. просв.
Година на издаване 1954
300 ## - Физическа характеристика
Страници 120 с.
Размери/Мащаб 24 см
380 ## - Жанр
Жанр Обществени науки
500 ## - Общи забележки
Забележка Други авт. : Й. Марков, М. Христов, Ст. Христов. - 1. изд. 1952. - 126 000 тир.
650 #4 - Допълнително описание по предмет – тема
Основно описание – тема или топоним Аритметика - учебници за основни училища
9 (RLIN) 274699
653 ## - Ключова дума – ненормативна
Ключова дума аритметика
653 ## - Ключова дума – ненормативна
Ключова дума учебници за основни училища
653 ## - Ключова дума – ненормативна
Ключова дума ІІ кл.
653 ## - Ключова дума – ненормативна
Ключова дума математика
700 1# - Други автори (авторска отговорност)
Лично име Марков, Йордан
Автороска отговорност (Описва отношението между автора и произведението) *
9 (RLIN) 368487
700 1# - Други автори (авторска отговорност)
Лично име Христов, Методи
Автороска отговорност (Описва отношението между автора и произведението) *
9 (RLIN) 318775
700 1# - Други автори (авторска отговорност)
Лично име Христов, Ст.
Автороска отговорност (Описва отношението между автора и произведението) *
9 (RLIN) 318776
852 ## - Местоположение
Форматна сигнатура Цб 3.240.43674
Фондова буква Основен фонд - ползва се само за читалня
856 4# - Електронен адрес и достъп
Електронен формат pdf - файл
856 4# - Електронен адрес и достъп
Електронен формат pdf - файл
999 ## - СИСТЕМНИ КОНТРОЛНИ НОМЕРА
Koha biblionumber 124353
Koha biblioitemnumber 124353
942 ## - АРТИКУЛИ
Вид на библиотечния материал Книги
Скрит в OPAC Не
Периодичен библиозапис Да
944 ## - СЪЗДАВАНЕ И РЕДАКЦИЯ на ЗАПИСА
Създаване/Редакция Създаване
Дата на регистрацията/редакция 25.04.2012
Статус, дата на статуса 25.04.2012 - от С1,Р / 25.04.2012
Служител, извършил регистрацията/редакцията Кети_Илиева
944 ## - СЪЗДАВАНЕ И РЕДАКЦИЯ на ЗАПИСА
Създаване/Редакция Редакция
Дата на регистрацията/редакция 25.04.2012
Статус, дата на статуса 25.04.2012 - от С1,Р / 25.04.2012
999 ## - СИСТЕМНИ КОНТРОЛНИ НОМЕРА
Koha biblioitemnumber 124353
Наличности
Код за отписване Код за изгубен артикул Източник на класификационната схема Код за повреда Коз за рестрикции Код за отдаване Артикулен № Име на библиотеката - собственик Име на библиотеката, в която се намира в момента Статус (Текущо местоположение) Дата на вписване в системата Местоположение - отдел Цена в лева Инвентарен номер Систематично азбучна сигнатура Баркод Номер на екземпляра Цена в евро Служебна бележка Служебен тип на артикула
  Не е изгубен Universal Decimal Classification Не е повреден без рестрикции ползва се в читалня 201696 Регионална библиотека "Любен Каравелов" Русе Регионална библиотека "Любен Каравелов" Русе Хранилище 1954-01-01 Основен фонд - ползва се само за читалня 0.40 2536/54 Цб 3.240.43674 900000040000 1 0.20 Вид: Сф Дата: 01.01.1954 Книги
Vip Innovations Ltd, Rousse, Bulgaria 2025